Brandom pragmatikai nyelvfilozófiája
Elmentve itt :
| Szerző: | |
|---|---|
| Adatforrás: | Philobibl |
| Forrásdokumentuma: | Valóság 42. 1999. 9 110-116. p. |
| Dokumentumtípus: | Cikk |
| Nyelv: | magyar |
| LEADER | 00284nab a2200097 c 4500 | ||
|---|---|---|---|
| 001 | bibDOK00019203 | ||
| 005 | 20200924121314.3 | ||
| 008 | 060518s1999 xx hun | ||
| 100 | 1 | |a Seel, Martin | |
| 245 | 1 | 0 | |a Brandom pragmatikai nyelvfilozófiája |c Seel, Martin |
| 773 | 0 | |t Valóság 42. 1999. 9 |g 110-116. p. | |